000 01246nam a2200277 i 4500
001 000029035
003 DO-SdBNP
005 20231206122554.0
006 a||||gr|||| 00| 0
007 ta
008 110413s19u? dr 000 0 spa d
040 _aDO-SdBNP
_bspa
_cBNPHU
_erda
082 4 _bD331i
_222
100 1 _aDel Castillo, José.
_955950
_eautor
245 1 3 _aLa inmigración de braceros azucareros en la República Dominicana, 1900-1930. /
_cJosé del Castillo.
264 _aSanto Domingo :
_bCentro Dominicano de Investigaciones Antropológicas,
_c[190-?].
300 _a78 páginas :
_bIlustraciones, gráficas ;
_c20.
336 _2rdacontent
_atexto
_btxt
337 _2rda media
_asin mediación
_bn
338 _2rdacarrier
_avolumen
_bnc
490 _aCuadernos del CENDIA ;
_v262, 7
500 _aIncluye notas y referencias bibliográficas .
500 _aJosé del Castillo, profesor investigador de la UASD, adscrito al Departamento de Sociología y al CERESD. Autor de diversos estudios sobre la sociedad dominicana. El Presente texto constituye un avance parcial y preliminar de una investigación acerca del desarrollo histórico de la industria azucarera.
590 _aInventariado 2023 / MF
942 _2ddc
_cLBS1
999 _c28527
_d28527